Swahili Countries - Statistics

General Stats
  • This quiz has been taken 174 times
  • The average score is 10 of 12
Answer Stats
Official language % Correct
Kenya
98%
Tanzania
98%
Uganda
97%
DR Congo
95%
Rwanda
94%
Mozambique
89%
Burundi
86%
Somalia
80%
Zambia
79%
Malawi
77%
Madagascar
60%
Comoros
55%
No matching quizzes found
Score Distribution
Percent of People with Each Score
Percentile by Number Answered
Your Score History
You have not taken this quiz